Music Quiz

Random Music Quiz

Spot the Ray ♣ Quiz Stats

 Plays Quiz not verified by Sporcle

Also try: Spot the Mikey ♣
Challenge
Share
Tweet
Score 0/12 Timer 10:00
0 Plays Today
% Correct
5C
99.6%
1D
99.6%
1B
99.2%
2B
98.9%
4E
98.5%
3F
98.1%
7C
96.9%
2C
96.9%
9B
96.6%
4D
96.2%
2E
95.4%
4A
95%

You're not logged in!

Compare scores with friends on all Sporcle quizzes.
OR
Log In

You Might Also Like...

Show Comments

Extras

Created May 9, 2016ReportNominate
Tags:mcr, My Chemical Romance

Top Quizzes Today


Score Distribution

Your Account Isn't Verified!

In order to create a playlist on Sporcle, you need to verify the email address you used during registration. Go to your Sporcle Settings to finish the process.

Report this User

Report this user for behavior that violates our Community Guidelines.

Details: